[Event "Benidorm Satellite preliminary"]
[Site "playchess.com #007036"]
[Date "2009.10.24"]
[Round "11"]
[White "Hardrock"]
[Black "Maximums"]
[Result "0-1"]
[WhiteElo "2626"]
[BlackElo "2675"]
[PlyCount "90"]
[EventDate "2009.10.24"]
[EventType "swiss (blitz)"]

1. d4 {[%emt 0:00:02]} d5 {[%emt 0:00:01]} 2. c4 {[%emt 0:00:01]} c6 {[%emt 0:
00:01]} 3. Nf3 {[%emt 0:00:00]} Nf6 {[%emt 0:00:01]} 4. Nc3 {[%emt 0:00:05]} e6
{[%emt 0:00:01]} 5. Bg5 {[%emt 0:00:01]} h6 {[%emt 0:00:01]} 6. Bh4 {[%emt 0:
00:02]} dxc4 {[%emt 0:00:01]} 7. e4 {[%emt 0:00:01]} g5 {[%emt 0:00:01]} 8. Bg3
{[%emt 0:00:00]} b5 {[%emt 0:00:01]} 9. Be2 {[%emt 0:00:01]} Bb7 {[%emt 0:00:
00]} 10. O-O {[%emt 0:00:02]} Nbd7 {[%emt 0:00:01]} 11. Ne5 {[%emt 0:00:01]} h5
{[%emt 0:00:02]} 12. Nxd7 {[%emt 0:00:10]} Qxd7 {[%emt 0:00:01]} 13. Be5 {
[%emt 0:00:08]} Rh6 {[%emt 0:00:01]} 14. Qc1 {[%emt 0:00:09]} Ng4 {[%emt 0:00:
05]} 15. Bxg4 {[%emt 0:00:10]} hxg4 {[%emt 0:00:02]} 16. Qxg5 {[%emt 0:00:05]}
Rg6 {[%emt 0:00:07]} 17. Qe3 {[%emt 0:00:09]} f6 {[%emt 0:00:13]} 18. Bg3 {
[%emt 0:00:04]} Bh6 {[%emt 0:00:02]} 19. Bf4 {[%emt 0:00:09]} Bxf4 {[%emt 0:00:
05]} 20. Qxf4 {[%emt 0:00:01]} Qxd4 {[%emt 0:00:00]} 21. Rfd1 {[%emt 0:00:21]}
Qe5 {[%emt 0:00:03]} 22. Qxe5 {[%emt 0:00:04]} fxe5 {[%emt 0:00:01]} 23. Rac1 {
[%emt 0:00:01]} Rd8 {[%emt 0:00:03]} 24. Rxd8+ {[%emt 0:00:10]} Kxd8 {[%emt 0:
00:01]} 25. Rd1+ {[%emt 0:00:01]} Kc7 {[%emt 0:00:06]} 26. Rc1 {[%emt 0:00:22]}
a6 {[%emt 0:00:09]} 27. Ne2 {[%emt 0:00:13]} Rg7 {[%emt 0:00:10]} 28. b3 {
[%emt 0:00:07]} c5 {[%emt 0:00:11]} 29. bxc4 {[%emt 0:00:09]} b4 {[%emt 0:00:
01]} 30. Rd1 {[%emt 0:00:04]} Bxe4 {[%emt 0:00:06]} 31. Nc1 {[%emt 0:00:02]}
Rd7 {[%emt 0:00:20]} 32. Rxd7+ {[%emt 0:00:03]} Kxd7 {[%emt 0:00:01]} 33. h3 {
[%emt 0:00:00]} gxh3 {[%emt 0:00:04]} 34. gxh3 {[%emt 0:00:00]} a5 {[%emt 0:00:
11]} 35. Nb3 {[%emt 0:00:20]} Kd6 {[%emt 0:00:11]} 36. Nxa5 {[%emt 0:00:04]}
Bb1 {[%emt 0:00:02]} 37. h4 {[%emt 0:00:23]} Bxa2 {[%emt 0:00:07]} 38. h5 {
[%emt 0:00:01]} b3 {[%emt 0:00:09]} 39. Nxb3 {[%emt 0:00:00]} Bxb3 {[%emt 0:00:
01]} 40. h6 {[%emt 0:00:00]} Bc2 {[%emt 0:00:01]} 41. Kg2 {[%emt 0:00:03]} Ke7
{[%emt 0:00:05]} 42. Kg3 {[%emt 0:00:04]} Kf6 {[%emt 0:00:01]} 43. f4 {[%emt 0:
00:04]} e4 {[%emt 0:00:07]} 44. Kf2 {[%emt 0:00:12]} Kg6 {[%emt 0:00:02]} 45.
Ke3 {[%emt 0:00:01]} Kxh6 {[%emt 0:00:01] Time} 0-1

[Event "Benidorm Satellite preliminary"]
[Site "playchess.com #007036"]
[Date "2009.10.24"]
[Round "11"]
[White "RKO DRM"]
[Black "Pupu"]
[Result "0-1"]
[WhiteElo "1663"]
[BlackElo "1973"]
[PlyCount "106"]
[EventDate "2009.10.24"]
[EventType "swiss (blitz)"]

1. d4 {[%emt 0:00:03]} f5 {[%emt 0:00:03]} 2. c4 {[%emt 0:00:02]} Nf6 {[%emt 0:
00:02]} 3. Nc3 {[%emt 0:00:01]} e6 {[%emt 0:00:01]} 4. e3 {[%emt 0:00:01]} Bb4
{[%emt 0:00:01]} 5. Nf3 {[%emt 0:00:01]} O-O {[%emt 0:00:02]} 6. Qb3 {[%emt 0:
00:01]} Bxc3+ {[%emt 0:00:02]} 7. bxc3 {[%emt 0:00:01]} b6 {[%emt 0:00:00]} 8.
Ba3 {[%emt 0:00:01]} d6 {[%emt 0:00:02]} 9. Rd1 {[%emt 0:00:08]} Bb7 {[%emt 0:
00:03]} 10. Be2 {[%emt 0:00:04]} Ne4 {[%emt 0:00:02]} 11. c5 {[%emt 0:00:04]}
Nd7 {[%emt 0:00:14]} 12. Qxe6+ {[%emt 0:00:03]} Kh8 {[%emt 0:00:03]} 13. cxd6 {
[%emt 0:00:08]} cxd6 {[%emt 0:00:05]} 14. Qb3 {[%emt 0:00:15]} Rc8 {[%emt 0:00:
06]} 15. c4 {[%emt 0:00:03]} f4 {[%emt 0:00:13]} 16. O-O {[%emt 0:00:09]} Qf6 {
[%emt 0:00:10]} 17. Bb2 {[%emt 0:00:14]} Qf7 {[%emt 0:00:10]} 18. Nd2 {[%emt 0:
00:13]} Ng5 {[%emt 0:00:14]} 19. d5 {[%emt 0:00:23] RKO DRM ofrece tablas} Qg6
{[%emt 0:00:27]} 20. exf4 {[%emt 0:00:32]} Rxf4 {[%emt 0:00:02]} 21. Bd3 {
[%emt 0:00:18]} Qh6 {[%emt 0:00:01]} 22. Be2 {[%emt 0:00:09]} Nc5 {[%emt 0:00:
04]} 23. Qg3 {[%emt 0:00:07]} Rcf8 {[%emt 0:00:07]} 24. Bc1 {[%emt 0:00:09]}
Qf6 {[%emt 0:00:14]} 25. Nb3 {[%emt 0:00:11]} Rf5 {[%emt 0:00:05]} 26. Nxc5 {
[%emt 0:00:04]} bxc5 {[%emt 0:00:06]} 27. Bg4 {[%emt 0:00:01]} Ne4 {[%emt 0:00:
09]} 28. Qe3 {[%emt 0:00:17]} Rxf2 {[%emt 0:00:08]} 29. Rxf2 {[%emt 0:00:07]}
Nxf2 {[%emt 0:00:01]} 30. Bf3 {[%emt 0:00:09]} Nxd1 {[%emt 0:00:02]} 31. Qd2 {
[%emt 0:00:02]} Qd4+ {[%emt 0:00:08] '} 32. Qxd4 {[%emt 0:00:01]} cxd4 {[%emt
0:00:00]} 33. Kf1 {[%emt 0:00:00]} Nc3 {[%emt 0:00:02]} 34. Bd2 {[%emt 0:00:01]
} Ba6 {[%emt 0:00:01]} 35. Ke1 {[%emt 0:00:02]} Bxc4 {[%emt 0:00:01]} 36. Bxc3
{[%emt 0:00:00]} dxc3 {[%emt 0:00:01]} 37. Kd1 {[%emt 0:00:00]} Bd3 {[%emt 0:
00:01]} 38. Kc1 {[%emt 0:00:01]} Re8 {[%emt 0:00:02]} 39. Bd1 {[%emt 0:00:00]}
Re1 {[%emt 0:00:01]} 40. g3 {[%emt 0:00:01]} Be2 {[%emt 0:00:01]} 41. Kc2 {
[%emt 0:00:00]} Rxd1 {[%emt 0:00:02]} 42. Kxc3 {[%emt 0:00:00]} Rxd5 {[%emt 0:
00:01]} 43. a4 {[%emt 0:00:01]} Ra5 {[%emt 0:00:02]} 44. Kb4 {[%emt 0:00:02]}
Rxa4+ {[%emt 0:00:03]} 45. Kxa4 {[%emt 0:00:01]} Kg8 {[%emt 0:00:00]} 46. Ka5 {
[%emt 0:00:01]} Kf7 {[%emt 0:00:01]} 47. Kb4 {[%emt 0:00:00]} Ke6 {[%emt 0:00:
01]} 48. Kc3 {[%emt 0:00:00]} Bf1 {[%emt 0:00:02]} 49. Kd4 {[%emt 0:00:00]} a5
{[%emt 0:00:02]} 50. h4 {[%emt 0:00:01]} a4 {[%emt 0:00:01]} 51. g4 {[%emt 0:
00:00]} a3 {[%emt 0:00:01]} 52. Kc3 {[%emt 0:00:00]} Bc4 {[%emt 0:00:03]} 53.
Kxc4 {[%emt 0:00:02]} a2 {[%emt 0:00:01] RKO DRM rinde} 0-1

[Event "Benidorm Satellite preliminary"]
[Site "playchess.com #007036"]
[Date "2009.10.24"]
[Round "11"]
[White "MischaT"]
[Black "Džundi"]
[Result "1-0"]
[WhiteElo "2153"]
[BlackElo "2568"]
[PlyCount "81"]
[EventDate "2009.10.24"]
[EventType "swiss (blitz)"]

1. e4 {[%emt 0:00:03]} Nf6 {[%emt 0:00:02]} 2. Nc3 {[%emt 0:00:04]} e5 {[%emt
0:00:02]} 3. Nf3 {[%emt 0:00:02]} Nc6 {[%emt 0:00:02]} 4. d3 {[%emt 0:00:03]}
Bb4 {[%emt 0:00:06]} 5. Bd2 {[%emt 0:00:05]} O-O {[%emt 0:00:11]} 6. g3 {[%emt
0:00:01]} d5 {[%emt 0:00:02]} 7. Bg2 {[%emt 0:00:13]} d4 {[%emt 0:00:14]} 8.
Nb1 {[%emt 0:00:08]} Bd6 {[%emt 0:00:02]} 9. O-O {[%emt 0:00:02]} Ne7 {[%emt 0:
00:02]} 10. Bg5 {[%emt 0:00:09]} Ng6 {[%emt 0:00:04]} 11. Nbd2 {[%emt 0:00:02]}
c5 {[%emt 0:00:03]} 12. h3 {[%emt 0:00:13]} h6 {[%emt 0:00:03]} 13. Bh4 {[%emt
0:00:04]} Be6 {[%emt 0:00:09]} 14. Re1 {[%emt 0:00:08]} b5 {[%emt 0:00:02]} 15.
Nf1 {[%emt 0:00:02]} c4 {[%emt 0:00:06]} 16. N1h2 {[%emt 0:00:01]} cxd3 {[%emt
0:00:06]} 17. cxd3 {[%emt 0:00:00]} Rc8 {[%emt 0:00:01]} 18. Qd2 {[%emt 0:00:
02]} b4 {[%emt 0:00:11]} 19. Rec1 {[%emt 0:00:02]} Rxc1+ {[%emt 0:00:10]} 20.
Rxc1 {[%emt 0:00:00]} Bxa2 {[%emt 0:00:02]} 21. Ng4 {[%emt 0:00:15]} Nxh4 {
[%emt 0:00:03]} 22. Nxf6+ {[%emt 0:00:08]} Qxf6 {[%emt 0:00:02]} 23. Nxh4 {
[%emt 0:00:01]} Be6 {[%emt 0:00:01]} 24. Rc6 {[%emt 0:00:08]} Qe7 {[%emt 0:00:
31]} 25. Nf5 {[%emt 0:00:21]} Bxf5 {[%emt 0:00:02]} 26. exf5 {[%emt 0:00:00]}
Rd8 {[%emt 0:00:08]} 27. Be4 {[%emt 0:00:03]} Qd7 {[%emt 0:00:17]} 28. Qc2 {
[%emt 0:00:04]} f6 {[%emt 0:00:12]} 29. Qc4+ {[%emt 0:00:05]} Kh7 {[%emt 0:00:
02]} 30. Bd5 {[%emt 0:00:08]} a5 {[%emt 0:00:11]} 31. Be6 {[%emt 0:00:02]} Qe7
{[%emt 0:00:03]} 32. Ra6 {[%emt 0:00:08]} e4 {[%emt 0:00:06]} 33. dxe4 {[%emt
0:00:11]} d3 {[%emt 0:00:08]} 34. Qxd3 {[%emt 0:00:12]} Be5 {[%emt 0:00:01]}
35. Qc2 {[%emt 0:00:10]} Qb7 {[%emt 0:00:17]} 36. Rxa5 {[%emt 0:00:16]} b3 {
[%emt 0:00:05]} 37. Qc4 {[%emt 0:00:11]} Rd1+ {[%emt 0:00:12]} 38. Kg2 {[%emt
0:00:02]} Rd4 {[%emt 0:00:01]} 39. Bg8+ {[%emt 0:00:10]} Kh8 {[%emt 0:00:02]}
40. Bd5 {[%emt 0:00:02]} Rxc4 {[%emt 0:00:11]} 41. Bxb7 {[%emt 0:00:03] Time}
1-0

[Event "Benidorm Satellite preliminary"]
[Site "playchess.com #007036"]
[Date "2009.10.24"]
[Round "11"]
[White "HaraldEtuna"]
[Black "MrHub"]
[Result "0-1"]
[WhiteElo "2165"]
[BlackElo "2426"]
[PlyCount "114"]
[EventDate "2009.10.24"]
[EventType "swiss (blitz)"]

1. e4 {[%emt 0:00:01]} e6 {[%emt 0:00:01]} 2. d4 {[%emt 0:00:01]} d5 {[%emt 0:
00:01]} 3. Nd2 {[%emt 0:00:01]} c5 {[%emt 0:00:01]} 4. exd5 {[%emt 0:00:01]}
Qxd5 {[%emt 0:00:01]} 5. Ngf3 {[%emt 0:00:02]} cxd4 {[%emt 0:00:01]} 6. Bc4 {
[%emt 0:00:01]} Qd6 {[%emt 0:00:01]} 7. Qe2 {[%emt 0:00:01]} Nf6 {[%emt 0:00:
01]} 8. Nb3 {[%emt 0:00:01]} Nc6 {[%emt 0:00:02]} 9. Bg5 {[%emt 0:00:01]} Be7 {
[%emt 0:00:01]} 10. O-O-O {[%emt 0:00:02]} O-O {[%emt 0:00:01]} 11. Nbxd4 {
[%emt 0:00:02]} Nxd4 {[%emt 0:00:00]} 12. Rxd4 {[%emt 0:00:01]} Qc5 {[%emt 0:
00:03]} 13. Rhd1 {[%emt 0:00:03]} b6 {[%emt 0:00:02]} 14. Ne5 {[%emt 0:00:07]}
Bb7 {[%emt 0:00:07]} 15. Bxf6 {[%emt 0:00:12]} Bxf6 {[%emt 0:00:03]} 16. Nd7 {
[%emt 0:00:03]} Qg5+ {[%emt 0:00:23]} 17. f4 {[%emt 0:00:10]} Qf5 {[%emt 0:00:
09]} 18. g4 {[%emt 0:00:34]} Qa5 {[%emt 0:00:11]} 19. Nxf6+ {[%emt 0:00:18]}
gxf6 {[%emt 0:00:02]} 20. Rd7 {[%emt 0:00:03]} Bc6 {[%emt 0:00:06]} 21. Rc7 {
[%emt 0:00:05]} Rac8 {[%emt 0:00:06]} 22. Rxc8 {[%emt 0:00:03]} Rxc8 {[%emt 0:
00:02]} 23. Bxe6 {[%emt 0:00:05]} Re8 {[%emt 0:00:06]} 24. Rd6 {[%emt 0:00:14]}
Qc5 {[%emt 0:00:10]} 25. Rxc6 {[%emt 0:01:01]} Qxc6 {[%emt 0:00:10]} 26. Bd5 {
[%emt 0:00:00]} Rxe2 {[%emt 0:00:08]} 27. Bxc6 {[%emt 0:00:01]} Rxh2 {[%emt 0:
00:01]} 28. b4 {[%emt 0:00:14]} Rf2 {[%emt 0:00:02]} 29. a3 {[%emt 0:00:16]}
Rxf4 {[%emt 0:00:02]} 30. Bd7 {[%emt 0:00:01]} Kf8 {[%emt 0:00:01]} 31. Kd2 {
[%emt 0:00:04]} Ke7 {[%emt 0:00:01]} 32. Bf5 {[%emt 0:00:02]} h6 {[%emt 0:00:
07]} 33. Ke3 {[%emt 0:00:05]} Rf1 {[%emt 0:00:04]} 34. Kd4 {[%emt 0:00:08]} Kd6
{[%emt 0:00:04]} 35. Kc4 {[%emt 0:00:02]} Ra1 {[%emt 0:00:08]} 36. Kb3 {[%emt
0:00:02]} Ke5 {[%emt 0:00:04]} 37. Bc8 {[%emt 0:00:01]} Kd4 {[%emt 0:00:09]}
38. c3+ {[%emt 0:00:01]} Kd5 {[%emt 0:00:04]} 39. a4 {[%emt 0:00:02]} a5 {
[%emt 0:00:03]} 40. bxa5 {[%emt 0:00:03]} bxa5 {[%emt 0:00:01]} 41. Bb7+ {
[%emt 0:00:01]} Kc5 {[%emt 0:00:02]} 42. Bc8 {[%emt 0:00:01]} Rh1 {[%emt 0:00:
06]} 43. Bf5 {[%emt 0:00:02]} h5 {[%emt 0:00:04]} 44. gxh5 {[%emt 0:00:00]}
Rxh5 {[%emt 0:00:02]} 45. Bd3 {[%emt 0:00:00]} f5 {[%emt 0:00:03]} 46. Kc2 {
[%emt 0:00:02]} f4 {[%emt 0:00:01]} 47. Kd2 {[%emt 0:00:01]} Rh2+ {[%emt 0:00:
02]} 48. Ke1 {[%emt 0:00:01]} Ra2 {[%emt 0:00:07]} 49. Bb5 {[%emt 0:00:01]} Rc2
{[%emt 0:00:02]} 50. c4 {[%emt 0:00:08]} Rxc4 {[%emt 0:00:01]} 51. Kf2 {[%emt
0:00:01]} Rb4 {[%emt 0:00:02]} 52. Be8 {[%emt 0:00:01]} f6 {[%emt 0:00:02]} 53.
Kf3 {[%emt 0:00:02]} Kc4 {[%emt 0:00:04]} 54. Kxf4 {[%emt 0:00:02]} Kb3+ {
[%emt 0:00:01]} 55. Ke3 {[%emt 0:00:08]} Rxa4 {[%emt 0:00:03]} 56. Bf7+ {[%emt
0:00:01]} Kb4 {[%emt 0:00:02]} 57. Kd3 {[%emt 0:00:00]} Ra1 {[%emt 0:00:03]
HaraldEtuna resigns} 0-1

[Event "Benidorm Satellite preliminary"]
[Site "playchess.com #007036"]
[Date "2009.10.24"]
[Round "11"]
[White "Musterlukas"]
[Black "Vijayvikram"]
[Result "1-0"]
[WhiteElo "1825"]
[BlackElo "1771"]
[PlyCount "73"]
[EventDate "2009.10.24"]
[EventType "swiss (blitz)"]

1. d4 {[%emt 0:00:03]} Nf6 {[%emt 0:00:02]} 2. Nf3 {[%emt 0:00:02]} g6 {[%emt
0:00:04]} 3. c4 {[%emt 0:00:02]} c5 {[%emt 0:00:02]} 4. d5 {[%emt 0:00:02]} e6
{[%emt 0:00:01]} 5. Nc3 {[%emt 0:00:02]} exd5 {[%emt 0:00:01]} 6. Nxd5 {[%emt
0:00:02]} Bg7 {[%emt 0:00:28]} 7. Bg5 {[%emt 0:00:05]} h6 {[%emt 0:00:08]} 8.
Bh4 {[%emt 0:00:04]} g5 {[%emt 0:00:05]} 9. Bg3 {[%emt 0:00:02]} O-O {[%emt 0:
00:13]} 10. Bc7 {[%emt 0:00:25]} Qe8 {[%emt 0:00:07]} 11. e3 {[%emt 0:00:13]}
Nxd5 {[%emt 0:00:36]} 12. Qxd5 {[%emt 0:00:02]} Bxb2 {[%emt 0:00:04]} 13. Rb1 {
[%emt 0:00:01]} Bc3+ {[%emt 0:00:02]} 14. Nd2 {[%emt 0:00:01]} Qe6 {[%emt 0:00:
05]} 15. Qxc5 {[%emt 0:00:13]} Na6 {[%emt 0:00:09]} 16. Qd6 {[%emt 0:00:04]}
Nxc7 {[%emt 0:00:36]} 17. Qxc7 {[%emt 0:00:03]} d5 {[%emt 0:00:04]} 18. Rb3 {
[%emt 0:00:11]} Bxd2+ {[%emt 0:00:05]} 19. Kxd2 {[%emt 0:00:03]} b6 {[%emt 0:
00:08]} 20. Bd3 {[%emt 0:00:20]} Ba6 {[%emt 0:00:05]} 21. c5 {[%emt 0:00:16]}
Rac8 {[%emt 0:00:21]} 22. Qd6 {[%emt 0:00:03]} Qg4 {[%emt 0:00:14]} 23. Bxa6 {
[%emt 0:00:09] .} Qxg2 {[%emt 0:00:01]} 24. Rf1 {[%emt 0:00:04]} Rxc5 {[%emt 0:
00:02]} 25. Qg3 {[%emt 0:00:04]} Qe4 {[%emt 0:00:02]} 26. Bd3 {[%emt 0:00:06]}
Qa4 {[%emt 0:00:02]} 27. Ra1 {[%emt 0:00:06]} Rfc8 {[%emt 0:00:02]} 28. h4 {
[%emt 0:00:07]} Qa5+ {[%emt 0:00:03]} 29. Ke2 {[%emt 0:00:02]} Rc1 {[%emt 0:00:
04]} 30. Rxc1 {[%emt 0:00:06]} Rxc1 {[%emt 0:00:00]} 31. Kf3 {[%emt 0:00:18]}
Qxa2 {[%emt 0:00:02]} 32. Rb5 {[%emt 0:00:10]} d4 {[%emt 0:00:03]} 33. hxg5 {
[%emt 0:00:06]} h5 {[%emt 0:00:02]} 34. Qb8+ {[%emt 0:00:15]} Kg7 {[%emt 0:00:
02]} 35. Qe5+ {[%emt 0:00:01]} Kg8 {[%emt 0:00:02]} 36. Rd5 {[%emt 0:00:08]}
Qa4 {[%emt 0:00:05]} 37. Rd8+ {[%emt 0:00:03] Time} 1-0

[Event "Benidorm Satellite preliminary"]
[Site "playchess.com #007036"]
[Date "2009.10.24"]
[Round "11"]
[White "Misu2008"]
[Black "XxHUTIxx"]
[Result "1-0"]
[WhiteElo "1845"]
[BlackElo "1749"]
[PlyCount "91"]
[EventDate "2009.10.24"]
[EventType "swiss (blitz)"]

1. c4 {[%emt 0:00:03]} e6 {[%emt 0:00:06]} 2. g3 {[%emt 0:00:02]} d5 {[%emt 0:
00:01]} 3. cxd5 {[%emt 0:00:02]} exd5 {[%emt 0:00:01]} 4. Bg2 {[%emt 0:00:02]}
c6 {[%emt 0:00:01]} 5. Nf3 {[%emt 0:00:01]} Nf6 {[%emt 0:00:01]} 6. O-O {[%emt
0:00:01]} Be7 {[%emt 0:00:08]} 7. d3 {[%emt 0:00:08]} O-O {[%emt 0:00:01]} 8.
Nc3 {[%emt 0:00:02]} Nbd7 {[%emt 0:00:04]} 9. e4 {[%emt 0:00:01]} dxe4 {[%emt
0:00:02]} 10. dxe4 {[%emt 0:00:01]} Qc7 {[%emt 0:00:04]} 11. Bf4 {[%emt 0:00:
03]} Qb6 {[%emt 0:00:04]} 12. Qc2 {[%emt 0:00:04]} Nh5 {[%emt 0:00:02]} 13. Be3
{[%emt 0:00:02]} Qc7 {[%emt 0:00:05]} 14. Rad1 {[%emt 0:00:05]} Bc5 {[%emt 0:
00:04]} 15. Nd4 {[%emt 0:00:11]} f6 {[%emt 0:00:22]} 16. Na4 {[%emt 0:00:13]}
Bb6 {[%emt 0:00:03]} 17. Ne6 {[%emt 0:00:04]} Qe5 {[%emt 0:00:07]} 18. Nxb6 {
[%emt 0:00:11]} Nxb6 {[%emt 0:00:12]} 19. Nxf8 {[%emt 0:00:01]} Kxf8 {[%emt 0:
00:04]} 20. Rd8+ {[%emt 0:00:08]} Ke7 {[%emt 0:00:04]} 21. Rfd1 {[%emt 0:00:04]
} Nd7 {[%emt 0:00:06]} 22. Rh8 {[%emt 0:00:10]} h6 {[%emt 0:00:02]} 23. f4 {
[%emt 0:00:08]} Qe6 {[%emt 0:00:07]} 24. Bf3 {[%emt 0:00:10]} g6 {[%emt 0:00:
17]} 25. Rxh6 {[%emt 0:00:18]} Nf8 {[%emt 0:00:23]} 26. Bc5+ {[%emt 0:00:10]}
Kf7 {[%emt 0:00:06]} 27. Bxh5 {[%emt 0:00:27]} gxh5 {[%emt 0:00:08]} 28. Rxh5 {
[%emt 0:00:01]} Qg4 {[%emt 0:00:09]} 29. Rh4 {[%emt 0:00:01]} Qf3 {[%emt 0:00:
05]} 30. Qd3 {[%emt 0:00:13]} Qxd3 {[%emt 0:00:03]} 31. Rxd3 {[%emt 0:00:01]}
Be6 {[%emt 0:00:01]} 32. b3 {[%emt 0:00:09]} b6 {[%emt 0:00:27]} 33. Bxf8 {
[%emt 0:00:15]} Rxf8 {[%emt 0:00:05]} 34. Rh7+ {[%emt 0:00:01]} Kg6 {[%emt 0:
00:07]} 35. Rxa7 {[%emt 0:00:01]} Bg4 {[%emt 0:00:03]} 36. Kg2 {[%emt 0:00:02]}
Re8 {[%emt 0:00:02]} 37. h3 {[%emt 0:00:02]} Bc8 {[%emt 0:00:06]} 38. Rd4 {
[%emt 0:00:06]} c5 {[%emt 0:00:08]} 39. Rc4 {[%emt 0:00:02]} Be6 {[%emt 0:00:
01]} 40. Rca4 {[%emt 0:00:03]} Bf7 {[%emt 0:00:02]} 41. Kf3 {[%emt 0:00:03]}
Rd8 {[%emt 0:00:02]} 42. Ke3 {[%emt 0:00:03]} Rd1 {[%emt 0:00:02]} 43. f5+ {
[%emt 0:00:05]} Kg7 {[%emt 0:00:02]} 44. Rc7 {[%emt 0:00:01]} Rf1 {[%emt 0:00:
02]} 45. Raa7 {[%emt 0:00:02]} Re1+ {[%emt 0:00:01]} 46. Kf3 {[%emt 0:00:02]
XxHUTIxx resigns} 1-0

[Event "Benidorm Satellite preliminary"]
[Site "playchess.com #007036"]
[Date "2009.10.24"]
[Round "11"]
[White "chanwxt"]
[Black "Scottie"]
[Result "1-0"]
[WhiteElo "2773"]
[BlackElo "2291"]
[PlyCount "81"]
[EventDate "2009.10.24"]
[EventType "swiss (blitz)"]

1. e4 {[%emt 0:00:01]} e5 {[%emt 0:00:03]} 2. Nf3 {[%emt 0:00:01]} Nf6 {[%emt
0:00:01]} 3. Nc3 {[%emt 0:00:03]} Nc6 {[%emt 0:00:01]} 4. d4 {[%emt 0:00:01]}
exd4 {[%emt 0:00:01]} 5. Nxd4 {[%emt 0:00:00]} Bb4 {[%emt 0:00:01]} 6. Nxc6 {
[%emt 0:00:02]} bxc6 {[%emt 0:00:02]} 7. Bd3 {[%emt 0:00:00]} O-O {[%emt 0:00:
05]} 8. O-O {[%emt 0:00:01]} d6 {[%emt 0:00:01]} 9. Ne2 {[%emt 0:00:10]} Ng4 {
[%emt 0:00:09]} 10. c3 {[%emt 0:00:12]} Bc5 {[%emt 0:00:13]} 11. Nd4 {[%emt 0:
00:11]} Qh4 {[%emt 0:00:34]} 12. Bf4 {[%emt 0:00:31]} Bd7 {[%emt 0:00:14]} 13.
Bg3 {[%emt 0:00:05]} Qf6 {[%emt 0:00:09]} 14. Bc2 {[%emt 0:00:14]} Rae8 {[%emt
0:00:16]} 15. Kh1 {[%emt 0:00:34]} Re7 {[%emt 0:00:28]} 16. a4 {[%emt 0:00:13]}
a5 {[%emt 0:00:03]} 17. Nf3 {[%emt 0:00:03]} h6 {[%emt 0:00:14]} 18. Qd3 {
[%emt 0:00:14]} Ne5 {[%emt 0:00:09]} 19. Nxe5 {[%emt 0:00:03]} dxe5 {[%emt 0:
00:00]} 20. f4 {[%emt 0:00:01]} exf4 {[%emt 0:00:29]} 21. Bxf4 {[%emt 0:00:22]}
Qg6 {[%emt 0:00:23]} 22. Bxc7 {[%emt 0:00:11]} Be6 {[%emt 0:00:05]} 23. Bg3 {
[%emt 0:00:07]} Bb6 {[%emt 0:00:02]} 24. b4 {[%emt 0:00:03]} Rd8 {[%emt 0:00:
01]} 25. Qe2 {[%emt 0:00:02]} Bg4 {[%emt 0:00:01]} 26. Qa6 {[%emt 0:00:03]} Be3
{[%emt 0:00:03]} 27. Bb3 {[%emt 0:00:10]} Be6 {[%emt 0:00:02]} 28. Bxe6 {[%emt
0:00:02]} Qxe6 {[%emt 0:00:00]} 29. Qxa5 {[%emt 0:00:03]} Rd2 {[%emt 0:00:05]}
30. Qf5 {[%emt 0:00:01]} Qxe4 {[%emt 0:00:02]} 31. Qxe4 {[%emt 0:00:02]} Rxe4 {
[%emt 0:00:00]} 32. a5 {[%emt 0:00:03]} Ba7 {[%emt 0:00:02]} 33. Rae1 {[%emt 0:
00:01]} Rde2 {[%emt 0:00:01]} 34. Rd1 {[%emt 0:00:01]} Re7 {[%emt 0:00:03]} 35.
Rd8+ {[%emt 0:00:01]} Kh7 {[%emt 0:00:01]} 36. h3 {[%emt 0:00:00]} R2e3 {[%emt
0:00:01]} 37. Rf3 {[%emt 0:00:01]} Re1+ {[%emt 0:00:04]} 38. Bxe1 {[%emt 0:00:
01]} Rxe1+ {[%emt 0:00:00]} 39. Kh2 {[%emt 0:00:00]} Bg1+ {[%emt 0:00:06]} 40.
Kg3 {[%emt 0:00:01]} Be3 {[%emt 0:00:00]} 41. Rxf7 {[%emt 0:00:05] Scottie
resigns} 1-0

[Event "Benidorm Satellite preliminary"]
[Site "playchess.com #007036"]
[Date "2009.10.24"]
[Round "11"]
[White "Bobby Short"]
[Black "SteinerKarl"]
[Result "0-1"]
[WhiteElo "1442"]
[BlackElo "1648"]
[PlyCount "92"]
[EventDate "2009.10.24"]
[EventType "swiss (blitz)"]

1. d4 {[%emt 0:00:02]} Nf6 {[%emt 0:00:03]} 2. c4 {[%emt 0:00:02]} g6 {[%emt 0:
00:02]} 3. Nc3 {[%emt 0:00:01]} Bg7 {[%emt 0:00:02]} 4. Nf3 {[%emt 0:00:02]} d6
{[%emt 0:00:02]} 5. e4 {[%emt 0:00:02]} O-O {[%emt 0:00:02]} 6. Be2 {[%emt 0:
00:01]} Na6 {[%emt 0:00:03]} 7. a3 {[%emt 0:00:03]} c5 {[%emt 0:00:02]} 8. d5 {
[%emt 0:00:02]} Nc7 {[%emt 0:00:02]} 9. h3 {[%emt 0:00:03]} a6 {[%emt 0:00:04]}
10. Be3 {[%emt 0:00:02]} Bd7 {[%emt 0:00:02]} 11. Qd2 {[%emt 0:00:01]} Re8 {
[%emt 0:00:02]} 12. Bh6 {[%emt 0:00:02]} Bh8 {[%emt 0:00:02]} 13. h4 {[%emt 0:
00:04]} Ng4 {[%emt 0:00:11]} 14. Bf4 {[%emt 0:00:05]} b5 {[%emt 0:00:20]} 15.
cxb5 {[%emt 0:00:07]} axb5 {[%emt 0:00:03]} 16. h5 {[%emt 0:00:17]} b4 {[%emt
0:00:06]} 17. Nb1 {[%emt 0:00:09]} Nb5 {[%emt 0:00:29]} 18. hxg6 {[%emt 0:00:
02]} fxg6 {[%emt 0:00:10]} 19. Ng5 {[%emt 0:00:05]} h5 {[%emt 0:00:09]} 20.
Bxg4 {[%emt 0:00:09]} Bxg4 {[%emt 0:00:05]} 21. Ne6 {[%emt 0:00:03]} Bxe6 {
[%emt 0:00:12]} 22. dxe6 {[%emt 0:00:05]} bxa3 {[%emt 0:00:09]} 23. Nxa3 {
[%emt 0:00:14]} Nd4 {[%emt 0:00:09]} 24. Rb1 {[%emt 0:00:25]} Qa5 {[%emt 0:00:
14]} 25. O-O {[%emt 0:00:16]} Qxd2 {[%emt 0:00:09]} 26. Bxd2 {[%emt 0:00:02]}
Kh7 {[%emt 0:00:09]} 27. Bc3 {[%emt 0:00:04]} Ne2+ {[%emt 0:00:05]} 28. Kh1 {
[%emt 0:00:14]} Nxc3 {[%emt 0:00:02]} 29. bxc3 {[%emt 0:00:08]} Rxa3 {[%emt 0:
00:04]} 30. f4 {[%emt 0:00:00]} Bxc3 {[%emt 0:00:04]} 31. f5 {[%emt 0:00:02]}
Be5 {[%emt 0:00:11]} 32. Rb7 {[%emt 0:00:08]} Kh6 {[%emt 0:00:16]} 33. Rc1 {
[%emt 0:00:21]} Ra1 {[%emt 0:00:08]} 34. Rxa1 {[%emt 0:00:07]} Bxa1 {[%emt 0:
00:02]} 35. Kh2 {[%emt 0:00:02]} Be5+ {[%emt 0:00:03]} 36. Kh3 {[%emt 0:00:01]}
gxf5 {[%emt 0:00:04]} 37. exf5 {[%emt 0:00:02]} Kg5 {[%emt 0:00:01]} 38. Rd7 {
[%emt 0:00:04]} Kxf5 {[%emt 0:00:02]} 39. Rc7 {[%emt 0:00:08]} Kxe6 {[%emt 0:
00:02]} 40. Rb7 {[%emt 0:00:02]} Rh8 {[%emt 0:00:03]} 41. Ra7 {[%emt 0:00:05]}
c4 {[%emt 0:00:02]} 42. Rc7 {[%emt 0:00:01]} d5 {[%emt 0:00:03]} 43. g3 {[%emt
0:00:04]} c3 {[%emt 0:00:02]} 44. Kg2 {[%emt 0:00:02]} d4 {[%emt 0:00:02]} 45.
Kf3 {[%emt 0:00:03]} Bxc7 {[%emt 0:00:03]} 46. Ke4 {[%emt 0:00:02]} Be5 {[%emt
0:00:03] Bobby Short gibt auf  (Lag: Av=0.62s, max=4.1s)} 0-1